ASME 2008 2nd International Conference on Energy Sustainability collocated with the Heat Transfer, Fluids Engineering, and 3rd Energy Nanotechnology Conferences - ASME 2008 2nd International Conference on Energy Sustainability, Volume 2

Bibliographic Details
Format: Electronic Journal
Language:English
Published: ASME
Online Access:Full text available on ASME[2008-2008]
Off-campus access
LEADER 01119cas a2200181 a 4500
001 AALConferenceProceedingsASME000463
008 230101c9999 xx r poo 0 0eng d
020 |a 978-0-7918-4320-8 
040 |a BD-DhAAL  |c BD-DhAAL 
245 0 0 |h [electronic resource]  |a ASME 2008 2nd International Conference on Energy Sustainability collocated with the Heat Transfer, Fluids Engineering, and 3rd Energy Nanotechnology Conferences - ASME 2008 2nd International Conference on Energy Sustainability, Volume 2 
260 |b ASME 
300 |a 1 online resource 
500 |a <strong>Off-Campus Access:</strong> Athens ID and Password Required 
500 |a <strong>On-Campus Access:</strong> No User ID or Password Required 
506 |a Electronic access restricted to authorized BRAC University faculty, staff and students 
538 |a Mode of access: Internet 
856 4 0 |z Full text available on ASME[2008-2008]  |u https://asmedigitalcollection.asme.org/ES/ES2008/volume/43208 
856 4 0 |z Off-campus access  |u https://go.openathens.net/redirector/bracu.ac.bd?url=https%3A%2F%2Fasmedigitalcollection.asme.org%2FES%2FES2008%2Fvolume%2F43208